Ética del Antiguo Testamento (8) (Registro nro. 51970)
[ vista simple ]
| 000 -LÍDER | |
|---|---|
| Campo fijo de descripción fija | 01175aab a2200193 i 4500 |
| 001 - NÚMERO DE CONTROL | |
| Campo de control | 768714001 |
| 003 - IDENTIFICADOR DEL NÚMERO DE CONTROL | |
| Campo de control | CO-MdFUSB |
| 005 - FECHA Y HORA DE LA ULTIMA TRANSACCIÓN | |
| control field | 20240320114155.0 |
| 008 - ELEMENTOS DE LONGITUD FIJA -- INFORMACIÓN GENERAL | |
| Campo fijo de descripción fija -- Información general | 240316t1992 ag ||||| |||| 00| 0 spa d |
| 040 ## - FUENTE DE CATALOGACIÓN | |
| Idioma de catalogación | spa |
| Agencia que realiza la transcripción | CO-MdFUSB |
| 041 ## - CÓDIGO DE IDIOMA | |
| Código de idioma para texto/pista de sonido o título separado | spa |
| 100 1# - ASIENTO PRINCIPAL--NOMBRE PERSONAL | |
| Nombre personal | Breneman, Mervin (1930-) |
| Término relacionador | autor |
| 245 1# - TÍTULO | |
| Título | Ética del Antiguo Testamento (8) |
| Subtitulo | : nuestra responsabilidad de preservar la vida |
| Mención de responsabilidad | / Mervin Breneman |
| 300 ## - DESCRIPCIÓN FÍSICA | |
| Extensión | Volumen 11, número 3 (julio - septiembre, 1992), páginas 24 - 25 |
| Dimensiones | ; 27 cm |
| 520 ## - NOTA DE RESUMEN, ETC. | |
| Nota de sumario, etc. | El sexto mandamiento nos enseña la santidad de la vida. Pero vivimos en un mundo donde sufrimos cada vez más violencia. La vida humana vale cada vez menos.<br/>Aplicar una ética sanadora nos da dos desafíos que vemos en el ministerio de Jesús. Él sanó vidas, física y espiritualmente, y predicó el evangelio del Reino de Dios. Nos toca la misma responsabilidad. Los cristianos tenemos el mensaje que cambia los valores de la gente; debemos predicarlos y debemos vivirlo. |
| 653 ## - TÉRMINO DE INDIZACIÓN - NO CONTROLADO | |
| Término no controlado | Preservación de la vida |
| 773 0# - ASIENTO DE ITEM FUENTE | |
| Título | Iglesia y Misión |
| Biblionumber | 49402 |
| Itemnumber | 59656 |
| Parte(s) relacionada(s) / Volumen., número. (mes año), páginas | Volumen 11, número 3 (julio - septiembre, 1992), páginas: 24 - 25 |
| Enumeración y primera página | páginas: 24 |
| 942 ## - TIPO DE MATERIAL (KOHA) | |
| Tipo de Item KOHA | Artículos de Revista |
No hay ítems disponibles.
